Catàleg del Col·legi de Periodistes de Catalunya

Juan Mañé y Flaquer (Registre núm. 1773)

000 -CABECERA
Longitud fija campo de control 00445naa a2200157 a 4500
001 - NÚMERO DE CONTROL
Número de control 1773
003 - IDENTIFICADOR DEL NÚMERO DE CONTROL
Identificador del número de control CDMR
005 - FECHA Y HORA DE LA ÚLTIMA TRANSACCIÓN
Fecha y hora de la última transacción 20130528160411.0
008 - CÓDIGOS DE INFORMACIÓN DE LONGITUD FIJA
Códigos de información de longitud fija 130130s ||||||||||||r|||||||||||||||d
040 ## - FUENTE DE LA CATALOGACIÓN
Centro catalogador de origen CDMR
Lengua de catalogación cat
Centro transcriptor CDMR
100 1# - PUNTO DE ACCESO PRINCIPAL-NOMBRE DE PERSONA
Nombre de persona Coromina i Pou, Eusebi
9 (RLIN) 626
245 10 - MENCIÓN DE TÍTULO
Título Juan Mañé y Flaquer
Resto del título : biografía
600 14 - PUNTO DE ACCESO ADICIONAL DE MATERIA - NOMBRE DE PERSONA
Nombre de persona Mañé i Flaquer, Juan
9 (RLIN) 1331
Subdivisión de forma (R ) Biografia
773 0# - ENLACE AL DOCUMENTO FUENTE
Título Anuario de la Prensa Diaria
Parte(s) relacionada(s) Año I, 1923, p.47-69
942 ## - ENTRADA DE ELEMENTOS AGREGADOS (KOHA)
Koha [por defecto] tipo de item Capítols
Fuente de clasificaión o esquema
Fons
Suprimido Perdido Estropeado No para préstamo Localización permanente Localización actual Fecha adquisición Préstamos totales Código de barras Fecha última consulta Fecha del precio de reemplazo Tipo de item de Koha
        Centre de Documentació Montserrat Roig Centre de Documentació Montserrat Roig 2013-01-16   32415920130116125146 2013-01-16 2013-01-16 Capítols

Implantat amb Koha